000 00597nam a2200229Ia 4500
003 OSt
005 20221005121543.0
006 a|||||r|||| 00| 0
007 ta
008 221004b |||||||| |||| 00| 0 eng d
024 _a31980
037 _cTextual
040 _aCRL
_cCRL
_beng
041 _2eng
_aeng
082 _a9v73:N5, L2
100 _aBlake Nelson Manfred
245 0 _aHistory of American life and thought.
260 _c1972
650 _aUNITED STATES - HISTORY
_931585
942 _h9v73:N5, L2
_cTEXL
_2cc
999 _c1041517
_d1041517